000 02894nam0a2200469 4500
001 RU\NLR\BIBL_A\012122204
005 20250809113204.0
020 _aRU
_9Ленинград в Великой Отечественной войне. Коллекция. Призывы
035 _a(NLR Aleph) 012122204
090 _a9137
_c9137
100 _a20191017d1943 u y0rusy50 ca
101 0 _arus
102 _aRU
105 _ay z 000zy
135 _acrcn 024anaba
200 1 _aВоины Красной Армии! Закрепляйте и развивайте успехи зимних боёв, не отдавайте врагу ни одной пяди отвоёванной земли, готовьтесь к решающим сражениям с немецко-фашистскими поработителями! Смерть немецким захватчикам!
_e[призыв]
210 _a[Ленинград
_cб.и.
_d1943]
215 _a1 л.
_d15х21
300 _aЗак. 909
325 _aКопия доступна в Электрон. б-ке РНБ
517 1 _aЗакрепляйте и развивайте успехи зимних боёв, не отдавайте врагу ни одной пяди отвоёванной земли, готовьтесь к решающим сражениям с немецко-фашистскими поработителями! Смерть немецким захватчикам!
517 1 _aСмерть немецким захватчикам!
606 1 _aВеликая Отечественная война
_z1941 - 1945
_xВоенная пропаганда советская
_jЛистовые издания
_2nlr-sh2
_3RU\NLR\AUTH\6601662801
606 1 _aВеликая Отечественная война
_z1941 - 1945
_xПризывы и обращения к Красной Армии
_jЛистовые издания
_2nlr_sh1
_3RU\NLR\AUTH\66181705
686 0 _aЦ35(2)722-442.3
852 _aNLR
_jII Л3-330пр./3/2-16а
856 0 _uhttps://vivaldi.nlr.ru/lk000010318/view
856 1 _uhttps://vivaldi.nlr.ru/lk000010318/cover
856 2 _uhttps://vivaldi.nlr.ru/lk000010318/text
942 _cVISUAL
945 _aРоссийская национальная библиотека
980 _aNB
980 _aBV
980 3 _akppriz
980 3 _akp2020
980 3 _akp
981 3 7 _a(37) Ленинград в Великой Отечественной войне
_b(37) Призывы к населению